Pagos mensuales del I.V.A. 2014

Detalles Bibliográficos
Autor principal: Domn̕guez Orozco, Jaime
Formato: eBook
Lenguaje:español
Publicado: Mx̌ico DF: Ediciones Fiscales ISEF, 2014
Materias:
Acceso en línea:Acceso restringido

MARC

LEADER 00000nam a22000007a 4500
005 20140711221929.0
007 cr|||| ||||
008 140711s2014 mx |||||s|||| 00||0 spa d
020 |a 978-607-406-658-6 
035 |a 12246 
040 |a vLex 
090 |c 5035  |d 5035 
100 1 |a Domn̕guez Orozco, Jaime 
245 1 0 |a Pagos mensuales del I.V.A. 2014  |h [Recurso electrn̤ico] /  |c Jaime Domn̕guez Orozco 
256 |a Servicio en ln̕ea 
260 |a Mx̌ico DF:  |b Ediciones Fiscales ISEF,  |c 2014 
300 |a 1 recurso electrn̤ico 
506 1 |a Disponible solo en los productos indicados  |d vLex Global  |d vLex Global (Academic Edition, excluding Law Schools)  |d vLex Global (U.S. Academic Edition, Law Schools)  |d vLex Global (U.S. Academic Edition, excluding Law Schools)  |d vLex Global (Academic Edition, Law Schools) 
650 0 4 |a Derecho Fiscal  |z Mx̌ico 
740 0 |a vLex Libros (Servicio en ln̕ea) 
856 4 0 |u http://vlex.com/source/pagos-mensuales-i-v-a-2014-12246  |z Acceso restringido 
942 |c BOOK 
999 0 |a Tax Law